LEADER 01959nam 22004213u 450 001 9910455782403321 005 20210114014537.0 010 $a1-280-70495-0 010 $a9786610704958 010 $a1-58843-005-7 010 $a0-585-39750-3 035 $a(CKB)111056486907940 035 $a(EBL)112415 035 $a(OCoLC)187394873 035 $a(MiAaPQ)EBC112415 035 $a(EXLCZ)99111056486907940 100 $a20130418d2000|||| u|| | 101 0 $aeng 135 $aur|n|---||||| 200 14$aThe Artichoke Trail$b[electronic resource] $eA Guide to Vegetarian Restaurants, Organic Food Stores & Farmers' Markets in the US 210 $aEdison $cHunter Publishing$d2000 215 $a1 online resource (422 p.) 300 $aDescription based upon print version of record. 311 $a1-55650-878-6 327 $aPreliminaries; About the Author; Contents; Introduction; The Northeast; The Southeast; The South; The Midwest; The Southwest; The Northwest; The West; Alaska & Hawaii; Farmers' Markets; Glossary 330 $a The ultimate tool for mobile vegetarians, vegans and travelers looking for a good, healthy meal. Over 1,000 restaurants are described, with hundreds featured in great detail and reviewed using the unique Artichoke Trail rating system. Food stores and markets serving the vegetarian community are also listed, as well as facts and interesting tidbits that health-minded individuals will appreciate. You'll find everything from hamburger joints with a superb garden burger option to gourmet raw food restaurants that adhere to strict vegan standards. 606 $aVegetarian restaurants 608 $aElectronic books. 615 4$aVegetarian restaurants. 676 $a647.9573 700 $aFrost$b James B$0961147 801 0$bAU-PeEL 801 1$bAU-PeEL 801 2$bAU-PeEL 906 $aBOOK 912 $a9910455782403321 996 $aThe Artichoke Trail$92179045 997 $aUNINA LEADER 01717nam a2200541 i 4500 001 991001201119707536 005 20020507185117.0 008 940511s1986 ||| ||| | eng 020 $a3540164545 035 $ab10814760-39ule_inst 035 $aLE01308607$9ExL 040 $aDip.to Matematica$beng 082 0 $a515.724 084 $aAMS 34G10 084 $aAMS 34K30 084 $aAMS 35B40 084 $aAMS 35F10 084 $aAMS 35K22 084 $aAMS 35P05 084 $aAMS 35R15 084 $aAMS 47A10 084 $aAMS 47B38 084 $aAMS 47B55 (1985) 084 $aAMS 47C15 084 $aAMS 47D05 (1985) 100 1 $aArendt, Wolfgang$054059 245 10$aOne-parameter semigroups of positive operators /$cW. Arendt ... [et al.] ; edited by R. Nagel 260 $aBerlin ; New York :$bSpringer-Verlag,$cc1986 300 $ax, 460 p. ;$c25 cm. 490 0 $aLecture notes in mathematics,$x0075-8434 ;$v1184 500 $aBibliography: p. [427]-452. 500 $aIncludes index 650 4$aPartially ordered spaces 650 4$aSemigroups of operators 700 1 $aGrabosch, Annette 700 1 $aGreiner, Günther 700 1 $aGroh, Ulrich 700 1 $aLotz, Heinrich P. 700 1 $aMoustakas, Ulrich 700 1 $aNagel, Rainer 700 1 $aNeubrander, Frank 700 1 $aSchlotterbeck, Ulf 907 $a.b10814760$b23-02-17$c28-06-02 912 $a991001201119707536 945 $aLE013 47D ARE11 (1986)$g1$i2013000128313$lle013$o-$pE0.00$q-$rl$s- $t0$u8$v42$w8$x0$y.i10920754$z28-06-02 996 $aOne-parameter semigroups of positive operators$978496 997 $aUNISALENTO 998 $ale013$b01-01-94$cm$da $e-$feng$gxx $h0$i1